| 000 | 00762cab a22002295a 4500 | ||
|---|---|---|---|
| 001 | L159872 | ||
| 008 | 150113e2017 xxk 000 0 eng d | ||
| 035 | _a(Sirsi) u159872 | ||
| 041 | 0 | _aeng | |
| 100 | 1 | _aSmith, Sophie | |
| 245 | 0 | 0 |
_aEqual footing _h[electronic resource] |
| 260 |
_aLondon _bRICS _c2017 |
||
| 490 |
_aRICS Building Surveying Journal _vMay - June 2017, 20-21(2) |
||
| 520 | _aSophie Smith encourages efforts to attract more women into the profession | ||
| 650 | 2 | 4 | _aWOMEN |
| 650 | 2 | 4 | _aDIVERSITY |
| 650 | 2 | 4 | _aABOUT RICS |
| 651 | 4 |
_aUnited Kingdom _y |
|
| 690 | _aWOMEN IN SURVEYING | ||
| 856 | 4 | 0 |
_uhttps://issuu.com/ricsmodus/docs/building_surveying_journal_may_june_e51321e7dff376 _yAvailable free online via Issuu |
| 942 |
_n0 _2ddc |
||
| 999 |
_c85032 _d85032 |
||